000 00581nam a2200241Ia 4500
003 OSt
005 20220918190745.0
006 a|||||r|||| 00| 0
007 ta
008 220917b |||||||| |||| 00| 0 eng d
024 _a59,336
037 _cTextual
040 _aARTS
_cARTS
_beng
041 _2eng
_aeng
082 _aQ2, L9
100 _aHanda D N
_973717
245 0 _aConcept of Hinduism
260 _aNew Delhi
_bEmbassy
_c1979
300 _a147p.
_ccm.
650 _aRELIGION
942 _hQ2, L9
_cTEXL
_2CC
999 _c186695
_d186695